000 00570nam a22001817a 4500
003 CEME
005 20210628202009.0
008 210223b xxu||||| |||| 00| 0 eng d
020 _a81-219-1851-0
040 _c.
082 _a621.3815 THE
100 _aTheraja, B.L Theraja, A.K
_957790
245 _aElectronics devices and circuits, in s.i. system of units
260 _aNEW DELHI
_bS.CHAND & COMPANY
_c1999
300 _a403P
650 _aELECTRONICS CIRCUITS DEVICES AND CIRCUITS-ELECTRONICS..ELECTRONIC DEVICES .ELECTRONIC CIRCUITS
_957791
942 _cBK
_2ddc
999 _c568045
_d568045